000 00512nam a2200157 4500
999 _c945
_d945
020 _a9964750684
050 _aHC1060.A1
100 _aISSER
110 _aInsitute of Statistical, Social and Economic Research
245 _aThe state of Ghanaian economy
_cInsitute of Statistical, Social and Economic Research
260 _aAccra :
_bISSER,
_c2008.
300 _a236 pp :
_billustrations.
500 _aincludes bibliographic reference
650 _aGhana--Economic conditions--2007---Periodicals.
942 _cBK